000 00230nam a22000857a 4500
008 170603b xxu||||| |||| 00| 0 eng d
100 _93228
_aBhatia. R. l
245 _aStories from East West
260 _aNew Delhi
_bArya Publication
_c1998
999 _c6542
_d6542